| 000 | 00000nam 2200000zi 4500 |
| 001 | 9.925414 |
| 003 | CaOODSP |
| 005 | 20250106103120 |
| 006 | m o d f |
| 007 | cr mn||||||||| |
| 008 | 230724t20232023onc ob f000 0 eng d |
| 020 | |a9780660496252 |
| 040 | |aCaOODSP|beng|erda|cCaOODSP |
| 043 | |an-cn--- |
| 086 | 1 |aHR4-103/2023E-PDF |
| 245 | 00|aDeveloping value-of-work bands : |bpromising practices. |
| 264 | 1|a[Ottawa] : |bOffice of the Pay Equity Commissioner = Bureau du commissionaire à l'équité salariale, |c[2023] |
| 264 | 4|c©2023 |
| 300 | |a1 online resource (6 pages) |
| 336 | |atext|btxt|2rdacontent |
| 337 | |acomputer|bc|2rdamedia |
| 338 | |aonline resource|bcr|2rdacarrier |
| 500 | |aIssued also in French under title: Développer les bandes de valeurs du travail : pratiques prometteuses. |
| 500 | |a"Pay equity." |
| 504 | |aIncludes bibliographical references. |
| 520 | |a"An employer or pay equity committee that chooses to use the equal average method for the purpose of comparing compensation is required to create value-of-work bands. This document offers promising practices to help employers and pay equity committees establish value-of-work bands for all of their job classes. …"--Introduction, page 1. |
| 650 | 0|aPay equity|zCanada. |
| 710 | 2 |aCanadian Human Rights Commission, |eissuing body. |
| 775 | 08|tDévelopper les bandes de valeurs du travail : |w(CaOODSP)9.925415 |
| 856 | 40|qPDF|s377 KB|uhttps://publications.gc.ca/collections/collection_2024/ccdp-chrc/HR4-103-2023-eng.pdf |
| 856 | 4 |qHTML|sN/A|uhttps://www.chrc-ccdp.gc.ca/publications/developing-value-work-bands |